| 000 | 00624nam a22002177a 4500 | ||
|---|---|---|---|
| 003 | URS | ||
| 005 | 20250828100450.0 | ||
| 008 | 250326b ||||| |||| 00| 0 eng d | ||
| 040 | _cURS | ||
| 050 |
_aHC59.7 _b.T63 1977 |
||
| 100 | 1 |
_95453 _aTodaro, Michael P., |
|
| 245 |
_aEconomics for a Developing World _bAn Introduction to Principles, Problems and Policies for Development |
||
| 264 | _c©1977 | ||
| 300 | _a444 pages.,: | ||
| 336 |
_2rdacontent _atext |
||
| 337 |
_2rdamedia _aunmediated |
||
| 338 |
_2rdacarrier _avolume |
||
| 650 | 0 |
_94624 _aEconomic development |
|
| 650 | 0 |
_91954 _aEconomics |
|
| 942 |
_2lcc _cCR |
||
| 999 |
_c84642 _d84640 |
||